| 000 | 01042cam a2200289 i 4500 | ||
|---|---|---|---|
| 001 | 31088 | ||
| 003 | Mx-PuUPA | ||
| 005 | 20251023110403.0 | ||
| 008 | 140415s2023 mx gr 000 0 spa d | ||
| 040 |
_cMx-PuUPA _aMx-PuUPA _bspa _dMx-PuUPA _erda |
||
| 041 | 0 | _aspa | |
| 100 | 1 |
_aMartínez Peñaloza, P. Luis, _eautor _917616 |
|
| 245 | 1 | 3 |
_aEl sacerdocio de María y el de la mujer / _cP. Luis Martínez Peñaloza |
| 250 | _aPrimera edición | ||
| 264 | 3 |
_aPuebla, Pue. : _bFD Servicios Integrales de Impresión, _c2023 |
|
| 300 |
_a255 páginas ; _c21 cm |
||
| 336 |
_2rdacontent _atexto _btxt |
||
| 337 |
_2rdamedia _asin medio _bn |
||
| 338 |
_2rdacarrier _avolumen _bnc |
||
| 600 | 0 | 4 |
_aVirgen María y la Iglesia _xUnión mística |
| 650 | 7 |
_2armarc _aSacerdocio de María |
|
| 650 | 7 |
_2armarc _aUnión hipostática _xHistoria de las doctrinas |
|
| 942 |
_2ddc _cLI _h232.8 _iM28 |
||
| 999 |
_c31088 _d31088 |
||